Tell me that you love me (victorious) - lyrics - Statistics

General Stats
  • This quiz has been taken 49 times
  • The average score is 228 of 258
Answer Stats
Answer % Correct
I
100%
love
100%
me
100%
tell
100%
Tell
100%
you
100%
That
97%
that
97%
for
94%
if
94%
If
94%
The
94%
yeah
94%
your
94%
away
92%
breath
92%
it
92%
know
92%
more
92%
nothing
92%
So
92%
sure
92%
take
92%
And
89%
anyway
89%
make
89%
Maybe
89%
one
89%
say
89%
Then
89%
There's
89%
to
89%
would
89%
can
86%
left
86%
we
86%
But
83%
don't
83%
why
83%
Oh,
81%
oh
81%
As
78%
as
78%
down
78%
long
78%
situation
78%
around
75%
many
75%
out
75%
times
75%
else
72%
let
72%
someone
72%
what
72%
Enough
67%
figure
67%
feel
64%
Is
64%
Now,
64%
turns
64%
with
64%
has
61%
hide
61%
inside
61%
shared
58%
up
58%
being
56%
beside
56%
Waking
56%
yourself
56%
hear
53%
Nowhere
50%
look
47%
found
44%
It's
44%
Show
44%
day
42%
every
42%
woah
39%
turning
31%
No matching quizzes found
Score Distribution
Percent of People with Each Score
Percentile by Number Answered
Your Score History
You have not taken this quiz